Mikroekonómia

Salvato in:
Dettagli Bibliografici
Autore principale: Fendeková, Eleonora, 1952-
Ente Autore: Ekonomická univerzita v Bratislave. Fakulta podnikového manažmentu
Altri autori: Strieška, Ľubomír
Natura: Libro
Lingua:slovacco
Pubblicazione: Bratislava Vydavateľstvo EKONÓM 2000
Soggetti:
Tags: Aggiungi Tag
Nessun Tag, puoi essere il primo ad aggiungerne!!

MARC

LEADER 00000nam a2200000 4500
001 c123510
005 20240502071319.1
020 |a 80-225-1328-8 
041 0 |a slo 
044 |a SK 
245 1 0 |a Mikroekonómia  |c Eleonóra Fendeková, Ľubomír Strieška 
264 1 |a Bratislava  |b Vydavateľstvo EKONÓM  |c 2000 
300 |a 252 s. 
610 2 0 |a mikroekonomika 
610 2 0 |a ponuka 
610 2 0 |a dopyt 
610 2 0 |a rovnováha trhová 
610 2 0 |a spotrebitelia 
610 2 0 |a správanie spotrebiteľa 
610 2 0 |a modely 
610 2 0 |a rovnováha 
610 2 0 |a dôchodky 
610 2 0 |a ceny 
610 2 0 |a firmy 
610 2 0 |a technológia 
610 2 0 |a produkcia 
610 2 0 |a náklady 
610 2 0 |a zisk 
610 2 0 |a monopoly 
610 2 0 |a konkurencia 
610 2 0 |a oligopoly 
610 2 0 |a trh kapitálový 
610 2 0 |a rozhodovanie investičné 
610 2 0 |a miera úroková 
610 2 0 |a inflácia 
100 1 |a Fendeková, Eleonora, 1952- 
700 1 |a Strieška, Ľubomír 
710 2 |a Ekonomická univerzita v Bratislave. Fakulta podnikového manažmentu